000
00506nam a2200181Ia 4500
008
090123s9999 xx 000 0 und d
082
_b
41817
100
_a
सप्रे मधुवंती
245
_a
आत्मभान
250
_a
1
260
_b
प्रतीक
_c
2007
300
_a
168
600
_a
सप्रे मधुवंती
630
_a
आत्मभान
700
_a
सप्रे मधुवंती
730
_a
आत्मभान
942
_c
BOOK
999
_c
79894
_d
79894